000 00307nam a22001097a 4500
005 20251008142235.0
008 251008b |||||||| |||| 00| 0 eng d
040 _cPK-LaNCA
082 _a728.1
_bRES
245 _aRestructuring the city: International urban design comptitions for thessaloniki
942 _cBK
999 _c66894
_d66894